| 000 | 00484nam a2200145Ia 4500 | ||
|---|---|---|---|
| 008 | 100415s9999 xx 000 0 und d | ||
| 082 |
_b8937 _a595.3(68) |
||
| 100 | _aGriffiths CL | ||
| 245 | _aGuide to the Benthic Marine Amphipods of Southern Africa | ||
| 260 |
_aCAPE TOWN _c1976 _bSOUTH AFRICAN MUSEUM |
||
| 365 | _b0 | ||
| 630 | _aGuide to the Benthic Marine Amphipods of Southern Africa | ||
| 730 | _aGuide to the Benthic Marine Amphipods of Southern Africa | ||
| 942 | _cBOOK | ||
| 999 |
_c591877 _d591874 |
||